[Event "Chigorin Memorial"]
[Site "St Petersburg"]
[Date "2016.10.23"]
[Round "9.143"]
[White "Stolyarsky, Yegor"]
[Black "Gordon, Evgeny"]
[Result "1/2-1/2"]
[WhiteElo "1751"]
[BlackElo "1988"]
[PlyCount "119"]
[EventDate "2016.10.15"]
[EventType "swiss"]
[EventRounds "9"]
[EventCountry "RUS"]

1. d4 e6 2. Nf3 d5 3. e3 c5 4. b3 Nf6 5. Bd3 Nc6 6. O-O Be7 7. Bb2 O-O 8. Nbd2
Nb4 9. Be2 b6 10. a3 Nc6 11. Ne5 Bb7 12. f4 Ne4 13. Nxe4 dxe4 14. Bc4 Nxe5 15.
dxe5 Qxd1 16. Raxd1 Bc6 17. f5 b5 18. Be2 exf5 19. Rxf5 Rad8 20. Rxd8 Rxd8 21.
Bc3 a6 22. Ba5 Re8 23. Bc7 Rc8 24. Bd6 g6 25. Rf1 Bxd6 26. exd6 Rd8 27. Rd1 f5
28. c4 Kf7 29. b4 cxb4 30. axb4 bxc4 31. Bxc4+ Kf6 32. Bxa6 Ke5 33. b5 Bd5 34.
b6 Rxd6 35. Rb1 Rd8 36. b7 Rb8 37. Rc1 Bxb7 38. Rb1 Bxa6 39. Rxb8 Bd3 40. Rb7
h5 41. Kf2 f4 42. Re7+ Kf6 43. Ra7 g5 44. Ra5 Kg6 45. exf4 gxf4 46. h4 Kh6 47.
Rc5 Kg6 48. Re5 Bc2 49. g3 f3 50. Re6+ Kg7 51. Ke3 Bd3 52. Rd6 Kh7 53. Rxd3
exd3 54. Kxd3 Kg6 55. Ke3 Kf5 56. Kxf3 Ke5 57. Kf2 Ke4 58. Kg2 Kf5 59. Kh3 Kf6
60. g4 1/2-1/2

[Event "Chigorin Memorial"]
[Site "St Petersburg"]
[Date "2016.10.23"]
[Round "9.144"]
[White "Khochinsky, Andrey"]
[Black "Grishaev, Igor"]
[Result "1-0"]
[WhiteElo "1745"]
[BlackElo "1956"]
[PlyCount "123"]
[EventDate "2016.10.15"]
[EventType "swiss"]
[EventRounds "9"]
[EventCountry "RUS"]

1. d4 Nf6 2. c4 e6 3. Nc3 d5 4. Bg5 Be7 5. e3 c6 6. Nf3 Nbd7 7. Rc1 O-O 8. Bd3
dxc4 9. Bxc4 b5 10. Bd3 Bb7 11. O-O a6 12. a3 c5 13. dxc5 Nxc5 14. Bb1 Qb6 15.
Qc2 g6 16. Nd2 Rad8 17. Nb3 Nd3 18. Rcd1 Ne5 19. Rxd8 Rxd8 20. Rd1 Rc8 21. Qe2
Qc7 22. f4 Nc4 23. e4 Qb6+ 24. Kh1 Ne3 25. Rd3 Neg4 26. Rf3 b4 27. axb4 Qxb4
28. Na2 Qa4 29. h3 Nxe4 30. Bxe7 Ngf2+ 31. Kh2 Bd5 32. Bxe4 Nxe4 33. Nac1 a5
34. Re3 f5 35. Qe1 Qd7 36. Ba3 a4 37. Nd4 Qc7 38. Nd3 g5 39. g3 Qb6 40. Qb4 Qa7
41. Ne5 Rb8 42. Ndc6 Rxb4 43. Nxa7 Rd4 44. Rd3 Rxd3 45. Nxd3 gxf4 46. Nxf4 Bb3
47. Nc6 Kf7 48. Ne5+ Kf6 49. Ned3 e5 50. Ng2 Ke6 51. Nc5+ Kd5 52. Ne3+ Kd4 53.
Nxf5+ Kd5 54. Nxb3 axb3 55. Kg2 Nd2 56. Bb4 Nc4 57. Bc3 Ke4 58. g4 Kd3 59. Kf2
e4 60. Nd4 e3+ 61. Ke1 Nb6 62. Nxb3 1-0

[Event "Chigorin Memorial"]
[Site "St Petersburg"]
[Date "2016.10.23"]
[Round "9.146"]
[White "Prishibilovich, Matvei"]
[Black "Lapushnian, Eran"]
[Result "0-1"]
[WhiteElo "1707"]
[BlackElo "1910"]
[PlyCount "68"]
[EventDate "2016.10.15"]
[EventType "swiss"]
[EventRounds "9"]
[EventCountry "RUS"]

1. d4 Nf6 2. c4 a6 3. Nc3 c5 4. d5 b5 5. cxb5 axb5 6. Nxb5 Bb7 7. Nc3 Qa5 8.
Bd2 Qb6 9. Qc1 Nxd5 10. Nf3 e6 11. e3 Be7 12. Be2 O-O 13. O-O Bf6 14. a3 Nc7
15. Qc2 d5 16. Rac1 Nd7 17. Na4 Rxa4 18. Qxa4 Bc6 19. Qc2 Qxb2 20. Bc3 Bxc3 21.
Qxc3 Qxe2 22. Nd4 Qa6 23. Nf3 Nb5 24. Qc2 Nxa3 25. Qa2 Bb5 26. Rfd1 Nc4 27.
Qxa6 Bxa6 28. Ra1 Ra8 29. Rdb1 Bb7 30. Rxa8+ Bxa8 31. Ne1 Kf8 32. Nd3 Ke7 33.
Nb2 Nxb2 34. Rxb2 c4 0-1

[Event "Chigorin Memorial"]
[Site "St Petersburg"]
[Date "2016.10.23"]
[Round "9.148"]
[White "Lapin, Nikita"]
[Black "Vasilyev, Alexey"]
[Result "1/2-1/2"]
[WhiteElo "1686"]
[BlackElo "1899"]
[PlyCount "80"]
[EventDate "2016.10.15"]
[EventType "swiss"]
[EventRounds "9"]
[EventCountry "RUS"]

1. e4 c5 2. Nf3 e6 3. d4 cxd4 4. Nxd4 a6 5. Nc3 Qc7 6. Be3 Nf6 7. a3 Be7 8. Be2
O-O 9. O-O d6 10. f4 Bd7 11. Qe1 Nc6 12. Qg3 d5 13. e5 Ne4 14. Nxe4 dxe4 15. c3
f5 16. exf6 Bxf6 17. Rac1 Rac8 18. Nb3 Ne7 19. Qf2 Nd5 20. Nc5 Nxe3 21. Nxd7
Nxf1 22. Nxf8 Rxf8 23. Rxf1 Bg5 24. Bg4 Bxf4 25. Bxe6+ Kh8 26. g3 Qc6 27. Qd4
Qxe6 28. Rxf4 Re8 29. Qe3 h6 30. Kg2 Qd5 31. Qd4 Qb3 32. Rxe4 Qxb2+ 33. Kh3
Rxe4 34. Qxe4 Qxc3 35. Qe8+ Kh7 36. Qe4+ Kg8 37. Qe8+ Kh7 38. Qe4+ Kh8 39. Qe8+
Kh7 40. Qe4+ Kh8 1/2-1/2

[Event "Chigorin Memorial"]
[Site "St Petersburg"]
[Date "2016.10.23"]
[Round "9.149"]
[White "Nikitinyh, Boris"]
[Black "Smorodkin, Kirill"]
[Result "1-0"]
[WhiteElo "2114"]
[BlackElo "1627"]
[PlyCount "89"]
[EventDate "2016.10.15"]
[EventType "swiss"]
[EventRounds "9"]
[EventCountry "RUS"]

1. e4 e5 2. Nf3 Nc6 3. g3 Nf6 4. Nc3 d6 5. Bg2 Be7 6. O-O O-O 7. h3 h6 8. d4
exd4 9. Nxd4 Nxd4 10. Qxd4 c5 11. Qd3 a6 12. Be3 Qc7 13. Rad1 Be6 14. Rfe1 Rad8
15. Qe2 b5 16. b3 Rfe8 17. a4 b4 18. Nb1 c4 19. Nd2 cxb3 20. cxb3 a5 21. Rc1
Qb8 22. Nc4 Bxc4 23. Rxc4 d5 24. exd5 Nxd5 25. Bxd5 Rxd5 26. Bf4 Qd8 27. Re4
Kf8 28. Be5 Rd3 29. Bc7 Qd7 30. Bb6 Rd2 31. Qf1 Qd5 32. Re5 Qxb3 33. Bc5 Rd7
34. Qe2 f6 35. Bxe7+ Kg8 36. Bxf6 Rxe5 37. Bxe5 Qd3 38. Qg4 Qd2 39. Qe6+ Rf7
40. Bf4 Qd7 41. Qc4 Qxa4 42. h4 Qd7 43. h5 Kh7 44. Re5 Re7 45. Qe4+ 1-0

[Event "Chigorin Memorial"]
[Site "St Petersburg"]
[Date "2016.10.23"]
[Round "9.151"]
[White "Yun, Vyacheslav"]
[Black "Slugin, Yaroslav"]
[Result "1-0"]
[WhiteElo "1766"]
[BlackElo "2081"]
[PlyCount "105"]
[EventDate "2016.10.15"]
[EventType "swiss"]
[EventRounds "9"]
[EventCountry "RUS"]

1. e4 c5 2. d4 cxd4 3. c3 dxc3 4. Nxc3 e6 5. Nf3 a6 6. Bc4 Ne7 7. O-O Ng6 8.
Qe2 Be7 9. Be3 b5 10. Bb3 Bb7 11. Rfd1 d6 12. Rac1 Nd7 13. Qd2 h6 14. Nd4 Nc5
15. Bc2 O-O 16. b4 Nd7 17. f4 Rc8 18. f5 exf5 19. Nxf5 Nde5 20. Bb3 Nc4 21.
Bxc4 Rxc4 22. Bxh6 Bf6 23. Nxd6 Rd4 24. Nxb7 Qb6 25. Be3 Rxd2 26. Bxb6 Bxc3 27.
Rxd2 Bxd2 28. Rc7 Bf4 29. Rd7 Ne5 30. Rd8 Rxd8 31. Nxd8 Bd2 32. Ba5 Nc4 33. Nc6
Nd6 34. e5 Nc4 35. Bc7 Nb2 36. Nb8 Nd3 37. Nxa6 Nxb4 38. Nxb4 Bxb4 39. Kf2 Kf8
40. Kf3 Ke7 41. Ke4 Ke6 42. Kd4 Ba3 43. h4 Be7 44. h5 Kd7 45. Bd6 Bxd6 46. exd6
Kxd6 47. g4 f6 48. a3 Kc6 49. Ke4 Kd6 50. Kf5 Ke7 51. Kg6 Kf8 52. h6 gxh6 53.
Kxf6 1-0

[Event "Chigorin Memorial"]
[Site "St Petersburg"]
[Date "2016.10.23"]
[Round "9.152"]
[White "Tarnopolskiy, Lev"]
[Black "Zolotyh, Lev"]
[Result "1-0"]
[WhiteElo "1913"]
[BlackElo "1767"]
[PlyCount "133"]
[EventDate "2016.10.15"]
[EventType "swiss"]
[EventRounds "9"]
[EventCountry "RUS"]

1. c4 e5 2. Nc3 Nf6 3. g3 Nc6 4. Bg2 Be7 5. e3 O-O 6. Nge2 d6 7. d4 Bg4 8. f3
Bh5 9. d5 Nb8 10. O-O Nbd7 11. e4 Ne8 12. g4 Bg6 13. Ng3 Bg5 14. Nce2 c6 15.
Rf2 Rc8 16. b3 Nc5 17. b4 Nd7 18. Bxg5 Qxg5 19. Rc1 Qd8 20. Bf1 Qb6 21. h4 h6
22. a3 Qd8 23. Rh2 a6 24. Kh1 c5 25. Nc3 cxb4 26. axb4 Qb6 27. Rb1 Nef6 28. Rc2
Qe3 29. Kg2 Qa7 30. Rbc1 Qb6 31. Na2 Rc7 32. Rc3 Rfc8 33. R1c2 Qa7 34. Qc1 Qb6
35. Qa3 Qa7 36. Nc1 Qd4 37. Nb3 Qa7 38. Nd2 Qb6 39. Ne2 Qa7 40. Nc1 Qb6 41. Nd3
Qd4 42. Nb3 Qa7 43. c5 dxc5 44. bxc5 Nxe4 45. fxe4 Bxe4+ 46. Kh2 Bxd5 47. Bg2
e4 48. Nb4 Bxb3 49. Rxb3 Nxc5 50. Rg3 Rd8 51. Qa2 b6 52. g5 a5 53. Nd5 Rcd7 54.
Nf4 Qb8 55. Nh5 Rd3 56. g6 R8d7 57. Bh3 Rxg3 58. Nxg3 Re7 59. Rf2 Qe8 60. Nf5
Rd7 61. gxf7+ Rxf7 62. Nd6 Qe5+ 63. Kg2 e3 64. Rxf7 Kh8 65. Rf8+ Kh7 66. Bf5+
g6 67. Qg8# 1-0

[Event "Chigorin Memorial"]
[Site "St Petersburg"]
[Date "2016.10.23"]
[Round "9.153"]
[White "Rubtsov, Aleksandr"]
[Black "Stepanov, Ivan"]
[Result "1-0"]
[WhiteElo "1844"]
[BlackElo "1760"]
[PlyCount "43"]
[EventDate "2016.10.15"]
[EventType "swiss"]
[EventRounds "9"]
[EventCountry "RUS"]

1. e4 c5 2. Nf3 d6 3. d4 cxd4 4. Nxd4 Nf6 5. Nc3 Nc6 6. Bg5 e6 7. Qd2 Be7 8.
O-O-O Nxd4 9. Qxd4 a6 10. f4 O-O 11. Bd3 h6 12. Bh4 b5 13. Bxf6 Bxf6 14. e5
dxe5 15. Qe4 g6 16. Qxa8 Qa5 17. fxe5 Bxe5 18. Qc6 b4 19. Na4 Rd8 20. b3 Bg7
21. Qc5 Qxc5 22. Nxc5 1-0

[Event "Chigorin Memorial"]
[Site "St Petersburg"]
[Date "2016.10.23"]
[Round "9.154"]
[White "Pankova, Julia"]
[Black "Fridman, Grigory"]
[Result "1/2-1/2"]
[WhiteElo "1745"]
[BlackElo "1840"]
[PlyCount "77"]
[EventDate "2016.10.15"]
[EventType "swiss"]
[EventRounds "9"]
[EventCountry "RUS"]

1. e4 c6 2. d4 d5 3. exd5 cxd5 4. Bd3 Nc6 5. c3 g6 6. Bf4 Bg7 7. Nd2 Nh6 8. h3
f6 9. Ngf3 Nf7 10. Bb5 O-O 11. Bg3 e5 12. dxe5 fxe5 13. O-O e4 14. Ne1 a6 15.
Be2 b5 16. a3 Bf5 17. Nb3 d4 18. cxd4 Nxd4 19. Nxd4 Qxd4 20. Qxd4 Bxd4 21. Nc2
Bxb2 22. Rab1 Bg7 23. Ne3 Be6 24. Rfc1 Rac8 25. Bg4 Bxg4 26. Nxg4 h5 27. Ne3
Ne5 28. Nd5 Rxc1+ 29. Rxc1 Nc4 30. a4 Bh6 31. Rc2 e3 32. axb5 axb5 33. Nc7
exf2+ 34. Bxf2 Kh8 35. Kh1 Kg8 36. Kg1 Kh8 37. Kh1 Kg8 38. Kg1 Kh8 39. Kh1
1/2-1/2

[Event "Chigorin Memorial"]
[Site "St Petersburg"]
[Date "2016.10.23"]
[Round "9.155"]
[White "Moshkov, Vyacheslav"]
[Black "Pogorelskikh, Sofia"]
[Result "1/2-1/2"]
[WhiteElo "1826"]
[BlackElo "1717"]
[PlyCount "80"]
[EventDate "2016.10.15"]
[EventType "swiss"]
[EventRounds "9"]
[EventCountry "RUS"]

1. d4 Nf6 2. c4 g6 3. Nc3 Bg7 4. e4 d6 5. Nf3 O-O 6. Be2 e5 7. dxe5 dxe5 8.
Qxd8 Rxd8 9. Bg5 Re8 10. Nd5 Nxd5 11. cxd5 f6 12. Be3 Bf8 13. Rc1 Bd6 14. Nd2
Nd7 15. h4 Nb6 16. h5 Bd7 17. hxg6 hxg6 18. g4 Kg7 19. f3 Rh8 20. Kf2 Rxh1 21.
Rxh1 c6 22. Nc4 Nxc4 23. Bxc4 Rc8 24. Bh6+ Kf7 25. dxc6+ Be6 26. Bxe6+ Kxe6 27.
Be3 Rxc6 28. Rc1 Rxc1 29. Bxc1 Bc5+ 30. Ke2 Kd6 31. Kd3 Kc6 32. a4 b5 33. b3 g5
34. Bd2 Be7 35. Ba5 a6 36. Kc3 Kb7 37. Kd3 Kc6 38. Kc3 Kb7 39. Kd3 Kc6 40. Kc3
Kb7 1/2-1/2

[Event "Chigorin Memorial"]
[Site "St Petersburg"]
[Date "2016.10.23"]
[Round "9.156"]
[White "Fokin, Anatoly"]
[Black "Zakharov, Yuri"]
[Result "0-1"]
[WhiteElo "1802"]
[BlackElo "1689"]
[PlyCount "94"]
[EventDate "2016.10.15"]
[EventType "swiss"]
[EventRounds "9"]
[EventCountry "RUS"]

1. d4 Nf6 2. c4 g6 3. Nc3 Bg7 4. e4 O-O 5. Nf3 d6 6. Be2 Nbd7 7. O-O e5 8. d5
Nc5 9. Qc2 a5 10. Ne1 c6 11. f3 cxd5 12. cxd5 b6 13. Be3 Ne8 14. a3 f5 15. Nd3
f4 16. Bf2 Bd7 17. b4 Nxd3 18. Qxd3 g5 19. Rfc1 h5 20. Qd1 Rf6 21. h4 Rg6 22.
hxg5 Qxg5 23. Bf1 Bh3 24. Qe1 Bf6 25. g3 Bxf1 26. Qxf1 fxg3 27. Bxb6 g2 28. Qf2
h4 29. Be3 Qh5 30. Ne2 h3 31. Ng3 Qh7 32. Qe1 Bh4 33. Bf2 Ng7 34. b5 Nh5 35.
Nxh5 Bxf2+ 36. Kxf2 Qxh5 37. b6 Rf8 38. Qe3 Qh4+ 39. Ke2 h2 40. b7 g1=Q 41. Rc8
Qxe3+ 42. Kxe3 Qf4+ 43. Kd3 Qxf3+ 44. Kc4 Qxe4+ 45. Kb5 Qxd5+ 46. Ka6 Qxb7+ 47.
Kxb7 Rxc8 0-1

[Event "Chigorin Memorial"]
[Site "St Petersburg"]
[Date "2016.10.23"]
[Round "9.159"]
[White "Pavlov, Mikhail"]
[Black "Golikov, Sergei"]
[Result "1-0"]
[WhiteElo "1645"]
[BlackElo "1789"]
[PlyCount "69"]
[EventDate "2016.10.15"]
[EventType "swiss"]
[EventRounds "9"]
[EventCountry "RUS"]

1. e4 e6 2. d4 d5 3. e5 c5 4. c3 Qb6 5. Nf3 Nc6 6. Na3 cxd4 7. cxd4 Bxa3 8.
bxa3 Nge7 9. Bd3 Nf5 10. Rb1 Qa5+ 11. Bd2 Qxa3 12. Rb3 Qxa2 13. Bc3 a6 14. O-O
Qa4 15. Bc2 Na7 16. Rxb7 Qc6 17. Rxa7 Rxa7 18. Ba4 Bd7 19. Bxc6 Bxc6 20. Bb4
Ne7 21. Qc2 Rc7 22. Rc1 f6 23. h3 Kf7 24. Bd6 Rcc8 25. Bxe7 Kxe7 26. Qc5+ Kf7
27. Qa7+ Kg6 28. Qxa6 Bd7 29. Rxc8 Rxc8 30. Qd6 Rc1+ 31. Kh2 Bc8 32. exf6 gxf6
33. Qe7 h6 34. Nh4+ Kg5 35. Qg7+ 1-0

[Event "Chigorin Memorial"]
[Site "St Petersburg"]
[Date "2016.10.23"]
[Round "9.161"]
[White "Ageeva, Vasilisa"]
[Black "Titievskaya, Elizaveta"]
[Result "1-0"]
[WhiteElo "1556"]
[BlackElo "1774"]
[PlyCount "57"]
[EventDate "2016.10.15"]
[EventType "swiss"]
[EventRounds "9"]
[EventCountry "RUS"]

1. e4 e5 2. Nf3 Nc6 3. Bb5 Nge7 4. Nc3 g6 5. Bc4 Bg7 6. Ng5 d5 7. exd5 Na5 8.
Bb5+ c6 9. dxc6 bxc6 10. Ba4 O-O 11. d3 Nd5 12. Nxd5 Qxd5 13. Qf3 Qd6 14. Bd2
Qc7 15. c3 Bd7 16. O-O Nb7 17. Bb3 Nd6 18. Rfe1 a5 19. a3 Rab8 20. Ba4 Rxb2 21.
Be3 f6 22. Ne4 Nxe4 23. Qxe4 Rbb8 24. Bc5 Rfd8 25. Qc4+ Kh8 26. Qf7 Qc8 27. Bb3
Rb7 28. Qc4 Be8 29. Qg8# 1-0

[Event "Chigorin Memorial"]
[Site "St Petersburg"]
[Date "2016.10.23"]
[Round "9.162"]
[White "Akhmetshin, Aydar"]
[Black "Kievelitz, Bernd"]
[Result "0-1"]
[WhiteElo "1517"]
[BlackElo "1897"]
[PlyCount "64"]
[EventDate "2016.10.15"]
[EventType "swiss"]
[EventRounds "9"]
[EventCountry "RUS"]

1. e4 c5 2. Nf3 e6 3. d4 cxd4 4. Nxd4 a6 5. Bd3 Bc5 6. Nb3 Ba7 7. Qg4 Qf6 8.
O-O Nh6 9. Qg3 Nc6 10. Nc3 Qg6 11. Qd6 Bb8 12. Qc5 b6 13. Qg5 Qxg5 14. Bxg5 Ng4
15. h3 Nge5 16. Be2 b5 17. a3 Bb7 18. Nc5 Bc8 19. Rad1 d6 20. Nd3 Nc4 21. Bc1
Bb7 22. b3 Nb6 23. Ne1 O-O 24. Nf3 h6 25. Rd3 Bc7 26. Rfd1 Rad8 27. Bf4 Nc8 28.
a4 b4 29. Nb1 e5 30. Be3 N6e7 31. Nbd2 f5 32. exf5 e4 0-1

[Event "Chigorin Memorial"]
[Site "St Petersburg"]
[Date "2016.10.23"]
[Round "9.164"]
[White "Smirnov, Dmitrii"]
[Black "Kundianok, Vladislav"]
[Result "1/2-1/2"]
[WhiteElo "1849"]
[BlackElo "1616"]
[PlyCount "94"]
[EventDate "2016.10.15"]
[EventType "swiss"]
[EventRounds "9"]
[EventCountry "RUS"]

1. e4 c5 2. Nf3 e6 3. d4 cxd4 4. Nxd4 Nf6 5. Nc3 Nc6 6. Ndb5 Bb4 7. a3 Bxc3+ 8.
Nxc3 d5 9. exd5 exd5 10. Bd3 O-O 11. O-O d4 12. Ne2 Bg4 13. h3 Bh5 14. Bf4 Qd5
15. Bh2 Bxe2 16. Bxe2 Rac8 17. Bf3 Qc5 18. Qd3 Rfd8 19. Rfe1 a5 20. Rad1 Re8
21. Rxe8+ Rxe8 22. Bg3 h6 23. Bh4 g5 24. Bg3 Kg7 25. Bxc6 Qxc6 26. Qxd4 Qxc2
27. Qd2 Qxd2 28. Rxd2 Re1+ 29. Kh2 Kg6 30. f3 Re6 31. Rd6 Rxd6 32. Bxd6 a4 33.
g4 Nd5 34. Kg3 Ne3 35. Be5 f5 36. Bd4 Nd5 37. Be5 f4+ 38. Kf2 b5 39. Bd6 h5 40.
Bc5 hxg4 41. hxg4 Kf6 42. Ke2 Ke5 43. Kd3 Nc7 44. Be7 Ne6 45. Kc3 Kd5 46. Bf6
Kc5 47. Be7+ Kd5 1/2-1/2

[Event "Chigorin Memorial"]
[Site "St Petersburg"]
[Date "2016.10.23"]
[Round "9.167"]
[White "Glazov, Anatoly"]
[Black "Koliadintcev, Igor"]
[Result "0-1"]
[WhiteElo "1763"]
[BlackElo "1614"]
[PlyCount "56"]
[EventDate "2016.10.15"]
[EventType "swiss"]
[EventRounds "9"]
[EventCountry "RUS"]

1. Nf3 Nf6 2. g3 d5 3. d4 e6 4. Bg5 c5 5. e3 Nc6 6. Nc3 h6 7. Bxf6 Qxf6 8. Bg2
a6 9. Na4 cxd4 10. exd4 Qd8 11. O-O Bd6 12. Re1 O-O 13. Ne5 Qc7 14. f4 b5 15.
Nxc6 Qxc6 16. Nc3 Bd7 17. Ne2 Rac8 18. Rc1 b4 19. c4 bxc3 20. Nxc3 Qb6 21. b3
Bb4 22. Re3 Rc7 23. Ne2 Rfc8 24. f5 Rxc1 25. Nxc1 Rxc1 26. Qxc1 Qxd4 27. fxe6
Bxe6 28. Kf1 Bd2 0-1

[Event "Chigorin Memorial"]
[Site "St Petersburg"]
[Date "2016.10.23"]
[Round "9.168"]
[White "Yurasova, Daria"]
[Black "Grekhov, Luka"]
[Result "1/2-1/2"]
[WhiteElo "1757"]
[BlackElo "1600"]
[PlyCount "99"]
[EventDate "2016.10.15"]
[EventType "swiss"]
[EventRounds "9"]
[EventCountry "RUS"]

1. d4 e6 2. Nf3 c5 3. c3 Nc6 4. Bf4 cxd4 5. Nxd4 Qb6 6. Nxc6 bxc6 7. Qc2 Ba6 8.
Nd2 Nf6 9. h3 Bc5 10. e3 Nd5 11. Ne4 Bxf1 12. Rxf1 Nxf4 13. exf4 Be7 14. O-O-O
d5 15. Nd2 Rb8 16. Nb3 a5 17. Rfe1 g6 18. g4 Qc7 19. f5 Bg5+ 20. Kb1 O-O 21.
fxe6 fxe6 22. Nd4 Qh2 23. Re2 Rbe8 24. Rde1 Bh4 25. Nxc6 Qxh3 26. Ne5 Qh2 27.
Nd3 e5 28. Qb3 Qg2 29. f4 Qxg4 30. Qxd5+ Kg7 31. Nf2 Qe6 32. Qxe6 Rxe6 33. Rd1
Bxf2 34. Rxf2 Rxf4 35. Re2 e4 36. Rd7+ Rf7 37. Rd4 e3 38. Rd3 Rf1+ 39. Kc2 Rf2
40. Kd1 h5 41. Rdxe3 Rxe2 42. Rxe2 Rxe2 43. Kxe2 Kf6 44. b4 Ke5 45. a4 Kd5 46.
b5 Kc5 47. c4 g5 48. Kf3 Kd6 49. b6 Kc6 50. c5 1/2-1/2

[Event "Chigorin Memorial"]
[Site "St Petersburg"]
[Date "2016.10.23"]
[Round "9.169"]
[White "Shkuratov, Vladimir"]
[Black "Makeev, Konstantin"]
[Result "1-0"]
[WhiteElo "1681"]
[BlackElo "1525"]
[PlyCount "61"]
[EventDate "2016.10.15"]
[EventType "swiss"]
[EventRounds "9"]
[EventCountry "RUS"]

1. e4 g6 2. d4 Bg7 3. Nc3 d6 4. f4 Nf6 5. Nf3 O-O 6. Bd3 Nc6 7. O-O Ng4 8. h3
Nh6 9. d5 Nd4 10. g4 f5 11. exf5 gxf5 12. g5 Nf7 13. Be3 c5 14. Kh2 e5 15. dxe6
Nxe6 16. Bc4 a6 17. a4 Bxc3 18. bxc3 Ng7 19. g6 hxg6 20. Ng5 Qf6 21. Bxf7+ Rxf7
22. Nxf7 Kxf7 23. Qd3 Bd7 24. Qd5+ Ke7 25. Qxb7 Rh8 26. Rae1 Ne6 27. Bd2 Qh4
28. Rf3 g5 29. fxg5 f4 30. g6 Qg4 31. Bxf4 1-0

[Event "Chigorin Memorial"]
[Site "St Petersburg"]
[Date "2016.10.23"]
[Round "9.170"]
[White "Tsarkov, Mikhail"]
[Black "Maltsevskaya, Anna"]
[Result "0-1"]
[WhiteElo "1636"]
[BlackElo "1243"]
[PlyCount "32"]
[EventDate "2016.10.15"]
[EventType "swiss"]
[EventRounds "9"]
[EventCountry "RUS"]

1. e4 e5 2. Nf3 Nc6 3. Bb5 a6 4. Ba4 Nf6 5. O-O Bc5 6. d3 b5 7. Bb3 d6 8. c3
Bg4 9. h3 Bh5 10. Re1 h6 11. Nbd2 Qd7 12. Nf1 g5 13. g4 Nxg4 14. Be3 Nxe3 15.
fxe3 Qxh3 16. N1h2 g4 0-1

[Event "Chigorin Memorial"]
[Site "St Petersburg"]
[Date "2016.10.23"]
[Round "9.171"]
[White "Astakhov, Dmitrii"]
[Black "Tikholiz, Sergei"]
[Result "1-0"]
[WhiteElo "1456"]
[BlackElo "1522"]
[PlyCount "103"]
[EventDate "2016.10.15"]
[EventType "swiss"]
[EventRounds "9"]
[EventCountry "RUS"]

1. d4 Nf6 2. c4 c5 3. dxc5 e6 4. Nc3 Bxc5 5. Nf3 O-O 6. e3 Nc6 7. a3 a5 8. Be2
Ne7 9. O-O d5 10. Bd2 Bd7 11. cxd5 Nexd5 12. Nxd5 Nxd5 13. Rc1 Qe7 14. Ne5 b6
15. Bf3 Qd6 16. Bc3 Bb5 17. Bxd5 Bxf1 18. Bxa8 Rxa8 19. Qxd6 Bxd6 20. Kxf1 Rc8
21. Nf3 b5 22. Bd2 Rxc1+ 23. Bxc1 Kf8 24. Bd2 a4 25. Nd4 Bc5 26. f4 Bxd4 27.
exd4 f5 28. Ke2 Ke7 29. Kd3 Kd6 30. Kc3 Kd5 31. Kd3 Kc6 32. g4 Kd5 33. gxf5
exf5 34. Bc3 g6 35. Bb4 Kc6 36. Bf8 Kd5 37. Bg7 Ke6 38. Be5 Kd5 39. Kc3 h6 40.
h4 h5 41. Kb4 Ke4 42. Kxb5 Kd5 43. Kxa4 g5 44. fxg5 f4 45. Bxf4 Ke4 46. g6 Kd5
47. g7 Ke4 48. g8=Q Kd3 49. Qg6+ Kc4 50. Qxh5 Kd3 51. Qf5+ Kc4 52. Qb5+ 1-0

[Event "Chigorin Memorial"]
[Site "St Petersburg"]
[Date "2016.10.23"]
[Round "9.172"]
[White "Riakhovskii, Mark"]
[Black "Moskaleva, Arina"]
[Result "0-1"]
[WhiteElo "1370"]
[BlackElo "1479"]
[PlyCount "156"]
[EventDate "2016.10.15"]
[EventType "swiss"]
[EventRounds "9"]
[EventCountry "RUS"]

1. c4 Nf6 2. Nc3 e5 3. g3 c6 4. Bg2 d5 5. cxd5 cxd5 6. d4 e4 7. Nh3 Nc6 8. Be3
Be7 9. Qd2 Na5 10. b3 Nc6 11. O-O O-O 12. Nf4 Bb4 13. Qc2 Ne7 14. a3 Bd6 15.
Nb5 Nf5 16. Bc1 a6 17. Nxd6 Qxd6 18. Rd1 Ng4 19. Qc5 Nf6 20. Bh3 b6 21. Qxd6
Nxd6 22. Bg2 Bg4 23. f3 Bf5 24. g4 Be6 25. Nxe6 fxe6 26. Bf4 Nb5 27. Be5 exf3
28. exf3 Nc3 29. Rd3 Nb5 30. a4 Na7 31. Rc1 b5 32. Rc7 bxa4 33. bxa4 Rf7 34.
Rdc3 Nd7 35. Bf1 Nxe5 36. dxe5 Rf4 37. Bxa6 Rxa4 38. Bd3 Rf8 39. Re7 Rxf3 40.
Bxh7+ Kf8 41. Rxa7 Rxg4+ 42. Kh1 Rxc3 43. Ra8+ Ke7 44. Ra1 Rh3 45. Bg8 Re3 46.
Rf1 Rxe5 47. Rf7+ Kd6 48. Rf1 Rge4 49. Kg2 Re2+ 50. Kg3 Rg5+ 51. Kf3 Re4 52.
Ra1 Rf5+ 53. Kg3 Re3+ 54. Kg4 Re4+ 55. Kg3 Rff4 56. Ra6+ Ke7 57. Ra7+ Kf6 58.
Rf7+ Ke5 59. Rxg7 Re3+ 60. Kg2 Rb4 61. Kf2 Ra3 62. Kg2 Rb2+ 63. Kh1 Ra1+ 64.
Rg1 Rxg1+ 65. Kxg1 d4 66. h4 d3 67. Bf7 d2 68. Bh5 Rb1+ 69. Kg2 d1=Q 70. Bxd1
Rxd1 71. h5 Kf5 72. h6 e5 73. h7 Rd8 74. Kf2 e4 75. Kg2 e3 76. h8=Q Rxh8 77.
Kg1 e2 78. Kg2 Re8 0-1

[Event "Chigorin Memorial"]
[Site "St Petersburg"]
[Date "2016.10.23"]
[Round "9.174"]
[White "Kirianova, Evgeniia"]
[Black "Bulsoev, Alexander"]
[Result "0-1"]
[WhiteElo "1219"]
[BlackElo "1462"]
[PlyCount "98"]
[EventDate "2016.10.15"]
[EventType "swiss"]
[EventRounds "9"]
[EventCountry "RUS"]

1. c4 c5 2. Nc3 Nf6 3. g3 e6 4. Bg2 Nc6 5. Nf3 Be7 6. O-O d5 7. b3 d4 8. Na4
Qc7 9. Nb2 e5 10. Qc2 Nb4 11. Qd1 Bf5 12. d3 O-O 13. a3 Nc6 14. Nh4 Be6 15. f4
exf4 16. Bxf4 Bd6 17. Bg5 Ng4 18. e4 dxe3 19. h3 Nf2 20. Qf3 Nxh3+ 21. Bxh3
Bxh3 22. Bh6 Nd4 23. Qh5 gxh6 24. Qxh6 Be5 25. g4 Ne2+ 26. Kh1 Ng3+ 27. Kg1
Ne2+ 28. Kh1 Qc6+ 29. Rf3 Qxh6 30. Rxh3 Qc6+ 31. Rf3 Bxb2 32. Raf1 Nd4 33. Nf5
Nxf5 34. gxf5 e2 35. Rg1+ Kh8 36. Kg2 Rg8+ 37. Kf2 Qxf3+ 38. Kxf3 Rxg1 39. Kxe2
Bxa3 40. f6 h5 41. d4 h4 42. dxc5 h3 43. c6 bxc6 44. b4 h2 45. c5 h1=Q 46. b5
Re8+ 47. Kd2 Qd5+ 48. Kc2 Re2+ 49. Kc3 Rc1# 0-1

[Event "Chigorin Memorial"]
[Site "St Petersburg"]
[Date "2016.10.23"]
[Round "9.175"]
[White "Kudin, Alexander"]
[Black "Kurbanov, Sergey"]
[Result "1-0"]
[WhiteElo "1313"]
[BlackElo "1198"]
[PlyCount "125"]
[EventDate "2016.10.15"]
[EventType "swiss"]
[EventRounds "9"]
[EventCountry "RUS"]

1. e4 e6 2. d4 d5 3. exd5 exd5 4. Nf3 Nc6 5. Bb5 Bd7 6. O-O Nf6 7. Re1+ Be7 8.
Qe2 a6 9. Bxc6 bxc6 10. Nc3 Be6 11. Ng5 Bf5 12. Nf3 h6 13. h3 Be6 14. Ne5 Qd6
15. Bf4 O-O 16. Ng6 Qd7 17. Nxf8 Rxf8 18. Na4 Ne4 19. f3 Bg5 20. Bxg5 Nxg5 21.
Nc5 Qc8 22. h4 Nh7 23. Nxe6 Re8 24. Qe3 fxe6 25. Re2 Nf8 26. Rae1 Kf7 27. f4 g6
28. b3 h5 29. c4 Rd8 30. c5 Re8 31. Qf3 Kg7 32. g4 hxg4 33. Qxg4 Kh6 34. Kh1
Qd8 35. Rh2 Kg7 36. h5 Qf6 37. Rd1 Qf5 38. Qxf5 exf5 39. h6+ Kh7 40. Kg1 Re4
41. Rf2 Ne6 42. Kf1 Rxf4 43. Rxf4 Nxf4 44. Re1 Kxh6 45. Re7 g5 46. Rxc7 Kh5 47.
Rxc6 g4 48. Rc8 Kg6 49. c6 Ne6 50. c7 Nxc7 51. Rxc7 f4 52. Rc6+ Kf5 53. Rc1 Ke4
54. Rd1 Ke3 55. a4 f3 56. Re1+ Kxd4 57. Kf2 Kc3 58. Re3+ Kd4 59. Re6 Kc3 60.
Rxa6 d4 61. Rd6 d3 62. a5 d2 63. a6 1-0